Statistics for The World's Top 10 Favorite Music Genres

Click here to take the quiz!

General Stats

  • This quiz has been taken 102 times
  • The average score is 4 of 10

Answer Stats

RankMusical Genre% Correct
1stPop
96%
2ndRock
90%
5thHip Hop/Rap/Trap
49%
3rdDance/Electronic/House
39%
9thMetal
29%
8thSoul/Blues
26%
Tie 6thClassical/Opera
23%
7thR&B
13%
4thSoundtrack
4%
Tie 6thSinger/Songwriter
2%

Score Distribution

Percentile by Number Answered

Percent of People with Each Score

Your Score History

You have not taken this quiz